| Tag |
First Indicator |
Second Indicator |
Subfields |
| LEADER |
00000cam a2200000 a 4500 |
| 001 |
in00001506521 |
| 005 |
20151021112226.0 |
| 008 |
991001s1999 njuab 001 0 eng d |
| 020 |
|
|
|a 0691010218 (cloth)
|
| 020 |
|
|
|a 0691010226 (paperback)
|
| 035 |
|
|
|a (OCoLC)42469893
|
| 035 |
|
|
|9 AJL7759AM
|
| 040 |
|
|
|a YAM
|c YAM
|d TXA
|d UtOrBLW
|
| 043 |
|
|
|a f-ke---
|a f-tz---
|
| 049 |
|
|
|a TXAM
|
| 090 |
|
|
|a QL692.K4
|b Z56 1999
|
| 100 |
1 |
|
|a Zimmerman, Dale A.
|q (Dale Allen),
|d 1928-
|
| 245 |
1 |
0 |
|a Birds of Kenya and northern Tanzania /
|c Dale A. Zimmerman, Donald A. Turner, and David J. Pearson ; illustrated by Dale A. Zimmerman, Ian Willis, and H. Douglas Pratt.
|
| 250 |
|
|
|a Field guide ed.
|
| 264 |
|
1 |
|a Princeton, N.J. :
|b Princeton University Press,
|c [1999]
|
| 264 |
|
4 |
|c ©1999
|
| 300 |
|
|
|a 576 pages :
|b illustrations (some color), maps ;
|c 22 cm.
|
| 336 |
|
|
|a text
|b txt
|2 rdacontent
|
| 337 |
|
|
|a unmediated
|b n
|2 rdamedia
|
| 338 |
|
|
|a volume
|b nc
|2 rdacarrier
|
| 490 |
1 |
|
|a Princeton field guides. Ornithology
|
| 500 |
|
|
|a "This field guide is an abridged edition of the authors' Birds of Kenya and northern Tanzania, published in 1996"--Pref.
|
| 500 |
|
|
|a Includes indexes.
|
| 650 |
|
0 |
|a Birds
|z Kenya
|v Identification.
|
| 650 |
|
0 |
|a Birds
|z Tanzania
|v Identification.
|
| 700 |
1 |
|
|a Turner, Donald A.
|
| 700 |
1 |
|
|a Pearson, David J.,
|d 1941-
|
| 830 |
|
0 |
|a Princeton field guides.
|p Ornithology.
|
| 948 |
|
|
|a c:jlg
|
| 999 |
|
|
|a MARS
|
| 999 |
f |
f |
|s 03c0d16c-6630-370e-883f-bf069be60f4e
|i 23e840dc-848a-3b4a-92d6-7f5db4c0409a
|t 0
|
| 952 |
f |
f |
|p ric
|a Texas A&M University
|b Rellis Campus
|c Joint Library Facility
|d Remote Storage
|t 0
|e QL692.K4 Z56 1999
|h Library of Congress classification
|i unmediated -- volume
|m A14825429925
|
| 998 |
f |
f |
|a QL692.K4 Z56 1999
|t 0
|l Remote Storage
|